Normal view
MARC view
- Malik, Shanza
Entry Personal Name
001 - CONTROL NUMBER
- control field: 133090
003 - CONTROL NUMBER IDENTIFIER
- control field: NUST
005 - DATE AND TIME OF LATEST TRANSACTION
- control field: 20260204105552.0
008 - FIXED-LENGTH DATA ELEMENTS
- fixed length control field: 260204|| aca||aabn | a|a d
040 ## - CATALOGING SOURCE
- Original cataloging agency: NUST
- Transcribing agency: NUST
100 ## - HEADING--PERSONAL NAME
- Personal name: Malik, Shanza
670 ## - SOURCE DATA FOUND
- Source citation: Work cat.: (NUST): Malik, Shanza, A Multidimensional Extension to CVSS for Real World Vulnerability Impact Evaluation/
